000 00889nam a22002657a 4500
003 dpl
005 20180530173832.0
008 180530b xxu||||| |||| 00| 0 eng d
010 _aB-120789
020 _c00.00
_a817273137
020 _c00.00
_a9788172731373
035 _aB-120789, B-120793
037 _bCen Lib/Ret
040 _aDPL
_bEN
_c0
082 _a362.5
_bMIS
100 _aMishra, R C
_91167
245 _aInformation technology and poverty reduction in South Asia /
_cby R C Mishra
260 _aDelhi
_bAuthors Press
_c2003
270 _bDelhi
_aE-35/103, Jawahar Park, Laxmi nagar
_e110092
300 _avi,286p. :
_c22cm(pbk)
500 _aIncludes bibliographical references and index
650 _aInformation technology -- Economic aspects -- South Asia.
_915010
650 _a Poverty -- South Asia.
_915011
942 _2ddc
_cEN
_h362.5
_mMIS
999 _c125636
_d125636